Expert system for personal computers-an introduction to artificial intelligence
| Main Author: | |
|---|---|
| Other Authors: | |
| Format: | Book |
| Published: |
New Delhi :
Galgotia Publications Pvt.Ltd. ,
1989
|
| Subjects: |
MARC
| LEADER | 00000cam a2200000 7i4500 | ||
|---|---|---|---|
| 001 | 0000005778 | ||
| 002 | 000006245 | ||
| 005 | 20000330.0 | ||
| 020 | |a T000000487 | ||
| 090 | 0 | 0 | |a 006.33 |b CHA |
| 100 | 1 | |a Chadwick, M | |
| 245 | 1 | 0 | |a Expert system for personal computers-an introduction to artificial intelligence |c M.Chadwick and J.A.Hannah |
| 260 | |a New Delhi : |b Galgotia Publications Pvt.Ltd. , |c 1989 | ||
| 300 | |a 234p. : |b ill ; |c 23cm. | ||
| 650 | 0 | 0 | |a Expert systems (Computer science) |
| 700 | 1 | |a Hannah, J.A | |
| 999 | |a 032929 |b BUKU |c PINJAMAN |e PERPUSTAKAAN KOMUNITI PETALING JAYA | ||